<?xml version="1.0" encoding="UTF-8"?>
<record
    xmlns:xsi="http://www.w3.org/2001/XMLSchema-instance"
    xsi:schemaLocation="http://www.loc.gov/MARC21/slim http://www.loc.gov/standards/marcxml/schema/MARC21slim.xsd"
    xmlns="http://www.loc.gov/MARC21/slim">

  <leader>01662nam a22002537a 4500</leader>
  <controlfield tag="005">20241120152906.0</controlfield>
  <controlfield tag="008">241120b           ||||| |||| 00| 0 eng d</controlfield>
  <datafield tag="020" ind1=" " ind2=" ">
    <subfield code="a">9780670097043</subfield>
  </datafield>
  <datafield tag="040" ind1=" " ind2=" ">
    <subfield code="c">AL</subfield>
  </datafield>
  <datafield tag="041" ind1=" " ind2=" ">
    <subfield code="a">English</subfield>
  </datafield>
  <datafield tag="082" ind1=" " ind2=" ">
    <subfield code="2">23</subfield>
    <subfield code="a">591.5</subfield>
    <subfield code="b">GADW</subfield>
  </datafield>
  <datafield tag="100" ind1=" " ind2=" ">
    <subfield code="a">Madhav Gadgil</subfield>
    <subfield code="9">185900</subfield>
  </datafield>
  <datafield tag="245" ind1=" " ind2=" ">
    <subfield code="a">Walk Up The Hill : Living with People and Nature</subfield>
  </datafield>
  <datafield tag="260" ind1=" " ind2=" ">
    <subfield code="a">Haryana</subfield>
    <subfield code="b">Penguin Random house India Pvt Ltd</subfield>
    <subfield code="c">2023</subfield>
  </datafield>
  <datafield tag="300" ind1=" " ind2=" ">
    <subfield code="a">424 p.</subfield>
    <subfield code="b">HB</subfield>
    <subfield code="c">24x16 cm.</subfield>
  </datafield>
  <datafield tag="365" ind1=" " ind2=" ">
    <subfield code="a">EKJA-87684</subfield>
    <subfield code="b">&#x20B9;709.00</subfield>
    <subfield code="c">&#x20B9;</subfield>
    <subfield code="d">&#x20B9;999.00</subfield>
    <subfield code="e">0%</subfield>
    <subfield code="f">14-11-2024</subfield>
  </datafield>
  <datafield tag="520" ind1=" " ind2=" ">
    <subfield code="a">Madhav Gadgil was born in Pune in 1942, just as Salim Ali&#x2019;s superbly illustrated Book of Indian Birds was published. Influenced by his birdwatcher father, he learnt to recognize birds from their pictures even before he could read. He is an unusual combination of a person fascinated by the diversity of the natural world, of the landscapes and the life they support, as well as the diversity of cultures and lifestyles of the people firmly rooted to India&#x2019;s soil. He has dedicated himself to intellectual pursuits ranging over mathematics, natural and social sciences, history and public policy.
This book is an account of his life walking up and down the country&#x2019;s hills and dales, watching peacocks dance and elephants prance, living among fisherfolk on the west coast, horticulturists on Western Ghats, and the tribals of Manipur and Maharashtra, all the while being a part of a vibrant scientific community.</subfield>
  </datafield>
  <datafield tag="650" ind1=" " ind2=" ">
    <subfield code="a">Wild life</subfield>
    <subfield code="9">185901</subfield>
  </datafield>
  <datafield tag="650" ind1=" " ind2=" ">
    <subfield code="a">biodiversity</subfield>
    <subfield code="9">185902</subfield>
  </datafield>
  <datafield tag="650" ind1=" " ind2=" ">
    <subfield code="a">ecology</subfield>
    <subfield code="9">185903</subfield>
  </datafield>
  <datafield tag="650" ind1=" " ind2=" ">
    <subfield code="a">Social Animals</subfield>
    <subfield code="9">185904</subfield>
  </datafield>
  <datafield tag="700" ind1=" " ind2=" ">
    <subfield code="a">GADGIL (Madhav)</subfield>
    <subfield code="9">185905</subfield>
  </datafield>
  <datafield tag="942" ind1=" " ind2=" ">
    <subfield code="2">ddc</subfield>
    <subfield code="c">BK</subfield>
  </datafield>
  <datafield tag="999" ind1=" " ind2=" ">
    <subfield code="c">231948</subfield>
    <subfield code="d">231948</subfield>
  </datafield>
  <datafield tag="952" ind1=" " ind2=" ">
    <subfield code="0">0</subfield>
    <subfield code="1">0</subfield>
    <subfield code="2">ddc</subfield>
    <subfield code="4">0</subfield>
    <subfield code="7">0</subfield>
    <subfield code="8">ZOO</subfield>
    <subfield code="a">AL</subfield>
    <subfield code="b">AL</subfield>
    <subfield code="d">2024-11-20</subfield>
    <subfield code="e">amazon.in</subfield>
    <subfield code="g">709.00</subfield>
    <subfield code="l">1</subfield>
    <subfield code="o">591.5 GADW</subfield>
    <subfield code="p">077397</subfield>
    <subfield code="r">2025-07-05 08:46:54</subfield>
    <subfield code="s">2025-03-08</subfield>
    <subfield code="v">999.00</subfield>
    <subfield code="w">2024-11-20</subfield>
    <subfield code="y">BK</subfield>
  </datafield>
</record>
